000
00316nam a22001457a 4500
999
_c
525179
_d
525179
003
NUST
005
20190628094620.0
020
_c
(Hbk)
038
_a
M.Shaban
082
_a
001.433
_b
FOL
100
_a
Folklore
_9
15928
245
_a
Folklore and medieval punjabi literature /
260
_c
1973.
942
_2
ddc
_c
BK